000 00422nam a2200133 a 4500
005 20260312173045.0
008 260311s2026##################000#0#eng##
020 _a9780691121130
_qhbk
041 _aEng
082 0 4 _a362.17820917 KRE
245 1 0 _aStrong medicine
_bcreating incentives for pharmaceutical research on neglected diseases
_cby Michael Kremer and Rachel Glennerster
250 _a1st ed.
942 _cENGLISH
999 _c617554
_d617554